| 000 | 00640cam a2200181 a 4500 | ||
|---|---|---|---|
| 001 | 000001303 | ||
| 005 | 20200929145533.0 | ||
| 008 | 840106s1968 fr a 001 0 fre | ||
| 040 |
_aDO-SdBNP _bspa _cBNPHU |
||
| 082 |
_a621.3747 _bR233ó |
||
| 100 | 1 |
_aRateau, Rene. _94404 |
|
| 245 | 1 | 2 |
_aL'Oscillographe cathodique et ses applications / _cRene Rateau. |
| 260 |
_aParís : _bPresses universitaires de France, _c1968. |
||
| 300 |
_a128 p. : _bil. ; _c18 cm. |
||
| 490 | 1 |
_aLe point des connaissances actuelles ; _vno. 1297 |
|
| 650 | 4 |
_aOscilógrafo de rayos catódicos _94405 |
|
| 830 | 0 |
_aLe point des connaissances actuelles ; _vno. 1297 _94406 |
|
| 999 |
_c1241 _d1241 |
||